[Event "España tch 2009 -2a 1"]
[Site "Padrón ESP"]
[Date "2009.08.05"]
[Round "1.11"]
[White "Epishin, Vladimir"]
[Black "Mate Adan, Carlos"]
[Result "1-0"]
[WhiteElo "2592"]
[BlackElo "2277"]
[PlyCount "49"]
[EventDate "2009.08.05"]
[EventType "team"]
[EventRounds "6"]
[EventCountry "ESP"]
[Source "lmi"]
[SourceDate "2009.08.05"]

1. d4 c5 2. d5 d6 3. e4 Nf6 4. Nd2 g6 5. Ngf3 Bg7 6. Bb5+ Bd7 7. a4 O-O 8. O-O
Na6 9. Bxa6 bxa6 10. Re1 Rb8 11. c3 Bg4 12. h3 Bxf3 13. Qxf3 Nd7 14. Qe2 Qb6
15. Nc4 Qc7 16. Bf4 Nb6 17. Ne3 Nd7 18. Bg3 Bh6 19. Nc4 Nb6 20. Na5 Nxd5 21.
exd5 Qxa5 22. Qxe7 Rxb2 23. Bxd6 Qd8 24. Rad1 Bg5 25. Qxf8+ 1-0

[Event "España tch 2009 -2a 1"]
[Site "Padrón ESP"]
[Date "2009.08.05"]
[Round "1.12"]
[White "Velasco Gonzalez, Julio"]
[Black "Hernando Pertierra, Jose C"]
[Result "0-1"]
[WhiteElo "2237"]
[BlackElo "2386"]
[PlyCount "96"]
[EventDate "2009.08.05"]
[EventType "team"]
[EventRounds "6"]
[EventCountry "ESP"]
[Source "lmi"]
[SourceDate "2009.08.05"]

1. Nf3 d5 2. c4 d4 3. g3 g6 4. Bg2 Bg7 5. d3 e5 6. O-O Ne7 7. b4 a5 8. bxa5 O-O
9. Nbd2 Nec6 10. Nb3 Nxa5 11. Nxa5 Rxa5 12. Nd2 Nd7 13. a4 Re8 14. Ba3 Ra7 15.
Qb3 h5 16. c5 Nf6 17. Ne4 Be6 18. Nxf6+ Bxf6 19. Qc2 Bd5 20. Bxd5 Qxd5 21. e4
Qc6 22. Bb4 Rea8 23. a5 b6 24. Qa4 Qxa4 25. Rxa4 bxa5 26. Rfa1 Be7 27. Rxa5
Bxc5 28. f4 Rxa5 29. Rxa5 Rxa5 30. Bxa5 Bd6 31. fxe5 Bxe5 32. Kf2 Kg7 33. Ke2
Kf6 34. Bb4 g5 35. Bc5 g4 36. Kd2 h4 37. gxh4 Kg6 38. Ke2 Kh5 39. Kf2 Kxh4 40.
Kg2 Kg5 41. Bb4 f5 42. exf5 Kxf5 43. Be1 c5 44. h3 gxh3+ 45. Kxh3 Kf4 46. Bg3+
Ke3 47. Bxe5 Kxd3 48. Kg3 Ke2 0-1

[Event "España tch 2009 -2a 1"]
[Site "Padrón ESP"]
[Date "2009.08.05"]
[Round "1.13"]
[White "Gonzalez De La Nava, Amador"]
[Black "Rodriguez Fontecha, Marcos"]
[Result "1-0"]
[WhiteElo "2275"]
[BlackElo "2226"]
[PlyCount "107"]
[EventDate "2009.08.05"]
[EventType "team"]
[EventRounds "6"]
[EventCountry "ESP"]
[Source "lmi"]
[SourceDate "2009.08.05"]

1. d4 d5 2. Nf3 c6 3. c4 Nf6 4. cxd5 cxd5 5. Nc3 Nc6 6. Bf4 Bf5 7. e3 a6 8. Bd3
Bxd3 9. Qxd3 e6 10. O-O Bd6 11. Bxd6 Qxd6 12. Rac1 O-O 13. Na4 Ne4 14. Qa3 Qxa3
15. bxa3 f6 16. Nb6 Rad8 17. Rfd1 Rd6 18. Na4 Na5 19. Nc5 Nxc5 20. dxc5 Rdd8
21. Nd4 Kf7 22. Rb1 Rc8 23. Rb6 Rfe8 24. Nb3 Nxb3 25. axb3 Rxc5 26. Rxb7+ Re7
27. Rb6 Ra7 28. g3 Rb5 29. Rxb5 axb5 30. Ra1 Ke7 31. Kf1 Kd6 32. Ke2 b4 33. a4
Rc7 34. Kd2 Rc3 35. Rb1 e5 36. f4 e4 37. Rb2 h5 38. Ke2 f5 39. Kd2 d4 40. exd4
Kd5 41. Ke2 e3 42. a5 Kxd4 43. a6 Rc7 44. Ra2 Ra7 45. Ra5 g6 46. h4 Kc3 47.
Kxe3 Kxb3 48. Kd4 Kc2 49. Kc5 b3 50. Kb6 b2 51. Rc5+ Kd3 52. Rb5 Ra8 53. Kb7
Re8 54. Rxb2 1-0

[Event "España tch 2009 -2a 1"]
[Site "Padrón ESP"]
[Date "2009.08.05"]
[Round "1.14"]
[White "Ruiz Maraña, Alejandro"]
[Black "Perez Marco, Ricardo"]
[Result "1-0"]
[WhiteElo "2184"]
[BlackElo "2183"]
[PlyCount "69"]
[EventDate "2009.08.05"]
[EventType "team"]
[EventRounds "6"]
[EventCountry "ESP"]
[Source "lmi"]
[SourceDate "2009.08.05"]

1. d4 Nf6 2. Bg5 Ne4 3. Bf4 d5 4. e3 e6 5. Bd3 f5 6. Nf3 Be7 7. O-O O-O 8. c4
c6 9. Qc2 Nd7 10. Nc3 Qe8 11. Ne5 Bf6 12. f3 Nxc3 13. bxc3 g5 14. Bg3 h5 15. e4
dxe4 16. Nxd7 Qxd7 17. fxe4 f4 18. e5 Bh8 19. Bf2 b6 20. Qe2 Qf7 21. Rad1 Bb7
22. Be4 Rad8 23. Qc2 Qg7 24. Qe2 Qf7 25. Qc2 Qg7 26. g3 Rd7 27. gxf4 Rxf4 28.
Bg3 Rxe4 29. Qxe4 c5 30. d5 h4 31. Rf6 Qe7 32. Qg6+ Bg7 33. Rxe6 hxg3 34. Rxe7
gxh2+ 35. Kxh2 1-0

[Event "España tch 2009 -2a 1"]
[Site "Padrón ESP"]
[Date "2009.08.05"]
[Round "1.21"]
[White "Nava Pereda, Carlos"]
[Black "Alvarez Pedraza, Aramis"]
[Result "0-1"]
[WhiteElo "2258"]
[BlackElo "2460"]
[PlyCount "56"]
[EventDate "2009.08.05"]
[EventType "team"]
[EventRounds "6"]
[EventCountry "ESP"]
[Source "lmi"]
[SourceDate "2009.08.05"]

1. c4 e5 2. Nc3 Nc6 3. g3 g6 4. Bg2 Bg7 5. e3 d6 6. Nge2 h5 7. h3 Be6 8. d3 Qd7
9. Rb1 a5 10. Nd5 f5 11. b3 h4 12. d4 Bf7 13. dxe5 dxe5 14. Bb2 hxg3 15. fxg3
Nge7 16. Nec3 O-O-O 17. O-O e4 18. Nxe7+ Qxe7 19. Nd5 Bxd5 20. cxd5 Nb4 21. a3
Rxd5 22. Qe2 Nd3 23. Bxg7 Qxg7 24. b4 Qe5 25. g4 Qg3 26. bxa5 Rxh3 27. Rf2 Nxf2
28. Qxf2 Rh1+ 0-1

[Event "España tch 2009 -2a 1"]
[Site "Padrón ESP"]
[Date "2009.08.05"]
[Round "1.22"]
[White "Pozo Vera, Sandro"]
[Black "Varas Gonzalez, Carlos"]
[Result "1-0"]
[WhiteElo "2452"]
[BlackElo "2253"]
[PlyCount "49"]
[EventDate "2009.08.05"]
[EventType "team"]
[EventRounds "6"]
[EventCountry "ESP"]
[Source "lmi"]
[SourceDate "2009.08.05"]

1. d4 b6 2. Nf3 e6 3. c4 Bb7 4. a3 Nf6 5. Nc3 d5 6. Bf4 Be7 7. e3 O-O 8. cxd5
Nxd5 9. Nxd5 exd5 10. Bd3 c5 11. h4 Nd7 12. Ng5 Nf6 13. Be5 h6 14. Qf3 c4 15.
Bc2 b5 16. g4 Qa5+ 17. Ke2 Qb6 18. Rag1 b4 19. axb4 Ba6 20. Kd1 c3 21. bxc3
Rfc8 22. Nxf7 Ne4 23. g5 Nxc3+ 24. Ke1 Ne4 25. Nxh6+ 1-0

[Event "España tch 2009 -2a 1"]
[Site "Padrón ESP"]
[Date "2009.08.05"]
[Round "1.23"]
[White "Trigo Urquijo, Sergio"]
[Black "Trepat Herranz, Joan"]
[Result "1/2-1/2"]
[WhiteElo "2245"]
[BlackElo "2269"]
[PlyCount "59"]
[EventDate "2009.08.05"]
[EventType "team"]
[EventRounds "6"]
[EventCountry "ESP"]
[Source "lmi"]
[SourceDate "2009.08.05"]

1. d4 Nf6 2. Nf3 g6 3. c4 Bg7 4. Nc3 O-O 5. e4 d6 6. Be2 e5 7. O-O Nc6 8. d5
Ne7 9. b4 Nh5 10. Re1 f5 11. Ng5 Nf6 12. Ne6 Bxe6 13. dxe6 fxe4 14. Bg5 h6 15.
Bxf6 Rxf6 16. Nxe4 Rxe6 17. Bg4 Nf5 18. Qd5 Qc8 19. Rad1 Kh8 20. h4 Re7 21. a3
Rb8 22. c5 dxc5 23. Nxc5 Qe8 24. h5 Nd6 25. Ne6 gxh5 26. Bh3 Qg6 27. Nxc7 Rxc7
28. Qxd6 Qxd6 29. Rxd6 Rf8 30. Red1 1/2-1/2

[Event "España tch 2009 -2a 1"]
[Site "Padrón ESP"]
[Date "2009.08.05"]
[Round "1.24"]
[White "Monell Camarasa, David"]
[Black "Galarza Docampo, Karmel"]
[Result "1-0"]
[WhiteElo "2230"]
[BlackElo "2046"]
[PlyCount "67"]
[EventDate "2009.08.05"]
[EventType "team"]
[EventRounds "6"]
[EventCountry "ESP"]
[Source "lmi"]
[SourceDate "2009.08.05"]

1. d4 Nf6 2. Nf3 g6 3. Nc3 d5 4. Bf4 Bg7 5. e3 O-O 6. Be2 b6 7. Ne5 Bb7 8. h4
Nbd7 9. h5 Nxe5 10. Bxe5 Ne4 11. Bxg7 Kxg7 12. f4 Qd6 13. Nxe4 dxe4 14. c3 c5
15. Qd2 cxd4 16. exd4 e3 17. Qxe3 Bxg2 18. Rh2 Bd5 19. O-O-O Qe6 20. Qd2 Be4
21. d5 Qf6 22. Qe3 Bf5 23. Rdh1 Rfd8 24. Bf3 Rac8 25. hxg6 Bxg6 26. Be4 e6 27.
Bxg6 hxg6 28. Rh7+ Kf8 29. dxe6 Qxe6 30. Qxe6 fxe6 31. Rxa7 Kg8 32. Rh6 Rf8 33.
Rxg6+ Kh8 34. Ra4 1-0

[Event "España tch 2009 -2a 1"]
[Site "Padrón ESP"]
[Date "2009.08.06"]
[Round "2.11"]
[White "Alvarez Pedraza, Aramis"]
[Black "Garbisu De Goñi, Unai"]
[Result "1/2-1/2"]
[WhiteElo "2460"]
[BlackElo "2467"]
[PlyCount "128"]
[EventDate "2009.08.05"]
[EventType "team"]
[EventRounds "6"]
[EventCountry "ESP"]
[Source "lmi"]
[SourceDate "2009.08.05"]

1. d4 f5 2. g3 Nf6 3. Bg2 g6 4. Nf3 Bg7 5. c4 O-O 6. b4 d5 7. Qc2 dxc4 8. Qxc4+
Qd5 9. Qd3 Nc6 10. a3 Ne4 11. Bb2 Rd8 12. e3 e5 13. Nfd2 exd4 14. Nxe4 fxe4 15.
Bxe4 Qe6 16. Bxc6 bxc6 17. Nd2 Ba6 18. Qb3 Qxb3 19. Nxb3 dxe3 20. Bxg7 exf2+
21. Kxf2 Kxg7 22. Rhc1 Rd6 23. Rc3 Bd3 24. Re1 Rf8+ 25. Kg2 Rf7 26. g4 Rf4 27.
Kg3 Rc4 28. Rxc4 Bxc4 29. Nc5 Kf7 30. Rc1 Rd4 31. g5 Be2 32. h3 Rd5 33. Kf4
Rf5+ 34. Ke3 Bf1 35. h4 Bg2 36. Nd3 Rf3+ 37. Ke2 Rf5 38. Ke3 Rf3+ 39. Ke2 Rg3
40. Nf4 Be4 41. a4 Ra3 42. Rc4 Bf3+ 43. Kf2 Bh1 44. a5 Ke7 45. Rd4 c5 46. bxc5
Rxa5 47. Nd3 c6 48. Ke3 Bd5 49. Rb4 Ke6 50. Nf4+ Ke5 51. Nd3+ Kf5 52. Rf4+ Ke6
53. Rf6+ Ke7 54. h5 gxh5 55. Rh6 Ra4 56. Rxh5 Re4+ 57. Kd2 Bg8 58. Rh6 Re6 59.
Rh1 Kd8 60. Ra1 Re7 61. Nb4 Bd5 62. Nxd5 Rd7 63. Ke3 Rxd5 64. Rxa7 Rxc5 1/2-1/2

[Event "España tch 2009 -2a 1"]
[Site "Padrón ESP"]
[Date "2009.08.06"]
[Round "2.12"]
[White "Rebole Arbea, Jose Ignacio"]
[Black "Pozo Vera, Sandro"]
[Result "1/2-1/2"]
[WhiteElo "2237"]
[BlackElo "2452"]
[PlyCount "82"]
[EventDate "2009.08.05"]
[EventType "team"]
[EventRounds "6"]
[EventCountry "ESP"]
[Source "lmi"]
[SourceDate "2009.08.05"]

1. g3 d5 2. Bg2 e6 3. c4 c5 4. cxd5 exd5 5. d4 Nc6 6. Nf3 Nf6 7. O-O Be7 8. Nc3
O-O 9. a3 cxd4 10. Nb5 Ne4 11. Nbxd4 Bf6 12. Be3 Re8 13. Rc1 Bd7 14. Qb3 Nxd4
15. Bxd4 Bxd4 16. Nxd4 Nd2 17. Qxb7 Nxf1 18. Rxf1 Be6 19. Nc6 Qd6 20. Rd1 Rac8
21. Nb4 d4 22. Qxa7 Bb3 23. Qxd4 Qxd4 24. Rxd4 Rxe2 25. Bc6 Re1+ 26. Kg2 Re2
27. a4 Rxb2 28. a5 Rb1 29. a6 Ra1 30. Bb7 Re8 31. Nc6 Ba4 32. a7 Bb5 33. Rd5
Bf1+ 34. Kf3 Ra3+ 35. Kf4 Bg2 36. Rd4 h6 37. Ne7+ Rxe7 38. a8=Q+ Rxa8 39. Bxa8
g5+ 40. Kg4 Bxa8 41. Rd8+ Kg7 1/2-1/2

[Event "España tch 2009 -2a 1"]
[Site "Padrón ESP"]
[Date "2009.08.06"]
[Round "2.13"]
[White "Trepat Herranz, Joan"]
[Black "Jimenez Martin, Gustavo"]
[Result "1/2-1/2"]
[WhiteElo "2269"]
[BlackElo "2192"]
[PlyCount "55"]
[EventDate "2009.08.05"]
[EventType "team"]
[EventRounds "6"]
[EventCountry "ESP"]
[Source "lmi"]
[SourceDate "2009.08.05"]

1. d4 d5 2. c4 e6 3. Nc3 f5 4. Bf4 Nf6 5. e3 c6 6. Bd3 Bd6 7. Nge2 O-O 8. Qc2
a6 9. O-O Qe7 10. Bxd6 Qxd6 11. f3 Nbd7 12. Rae1 dxc4 13. Bxc4 b5 14. Bb3 c5
15. a3 c4 16. Ba2 Bb7 17. b3 Nb6 18. bxc4 Nxc4 19. Bxc4 bxc4 20. Rb1 Rab8 21.
Rb4 Nd5 22. Nxd5 Bxd5 23. Rfb1 Rxb4 24. axb4 Rb8 25. Qc3 Qc6 26. Rb2 Qa4 27.
Kf2 h6 28. h3 1/2-1/2

[Event "España tch 2009 -2a 1"]
[Site "Padrón ESP"]
[Date "2009.08.06"]
[Round "2.14"]
[White "Monje Peinado, Roberto"]
[Black "Monell Camarasa, David"]
[Result "1/2-1/2"]
[WhiteElo "2072"]
[BlackElo "2230"]
[PlyCount "104"]
[EventDate "2009.08.05"]
[EventType "team"]
[EventRounds "6"]
[EventCountry "ESP"]
[Source "lmi"]
[SourceDate "2009.08.05"]

1. d4 d5 2. c4 c6 3. Nf3 Nf6 4. e3 a6 5. Qc2 b5 6. b3 e6 7. Bd3 Bd6 8. O-O O-O
9. Nbd2 Nbd7 10. Bb2 g6 11. a4 b4 12. cxd5 cxd5 13. Qc6 Qc7 14. Rac1 Qxc6 15.
Rxc6 Bb8 16. h3 Bb7 17. Rc2 Bd6 18. Ne5 Rfc8 19. Rfc1 Rxc2 20. Rxc2 Kf8 21. f3
Rc8 22. Rxc8+ Bxc8 23. Kf2 Nb8 24. Nf1 Bb7 25. Be2 Ke7 26. Bc1 Nfd7 27. Nd3 Nc6
28. Bb2 Na5 29. Nd2 f6 30. f4 f5 31. Bd1 Nf6 32. Ke2 Ne4 33. Nxe4 dxe4 34. Nc1
Kd7 35. Kd2 Nc6 36. Be2 h6 37. Bc4 Na5 38. Kc2 g5 39. g3 Ke7 40. Ne2 Bd5 41.
Bxd5 exd5 42. Bc1 Kf6 43. Bd2 Nc6 44. Be1 Nd8 45. Kd1 Ne6 46. Kc2 Kg6 47. Kd1
a5 48. Bf2 h5 49. fxg5 Nxg5 50. h4 Nf7 51. Nf4+ Bxf4 52. gxf4 Kf6 1/2-1/2

[Event "España tch 2009 -2a 1"]
[Site "Padrón ESP"]
[Date "2009.08.06"]
[Round "2.21"]
[White "Fernandez Borrego, Pablo"]
[Black "Estremera Paños, Sergio"]
[Result "1/2-1/2"]
[WhiteElo "2296"]
[BlackElo "2394"]
[PlyCount "24"]
[EventDate "2009.08.05"]
[EventType "team"]
[EventRounds "6"]
[EventCountry "ESP"]
[Source "lmi"]
[SourceDate "2009.08.05"]

1. e3 d5 2. f4 g6 3. Nf3 Bg7 4. Be2 Nf6 5. O-O O-O 6. Nc3 c5 7. d4 Nc6 8. dxc5
e6 9. Rb1 Nd7 10. Na4 b6 11. cxb6 axb6 12. c4 Nc5 1/2-1/2

[Event "España tch 2009 -2a 1"]
[Site "Padrón ESP"]
[Date "2009.08.06"]
[Round "2.23"]
[White "Perez Mauricio, Xoel"]
[Black "Ducros Salva, Antonio"]
[Result "1/2-1/2"]
[WhiteElo "2259"]
[BlackElo "2218"]
[PlyCount "52"]
[EventDate "2009.08.05"]
[EventType "team"]
[EventRounds "6"]
[EventCountry "ESP"]
[Source "lmi"]
[SourceDate "2009.08.05"]

1. Nf3 g6 2. e4 c5 3. c4 Nc6 4. d4 cxd4 5. Nxd4 Bg7 6. Be3 Nf6 7. Nc3 O-O 8.
Be2 d6 9. O-O a5 10. Ndb5 Nd7 11. Qd2 Nc5 12. Rfd1 Be6 13. f3 a4 14. Nd5 Qa5
15. Nxe7+ Nxe7 16. Qxd6 Bxb2 17. Bxc5 Bxa1 18. Rxa1 Nc6 19. Qf4 Rfd8 20. Be3
Qb4 21. Qf6 Qe7 22. Qc3 Qb4 23. Qf6 Qe7 24. Qc3 Qb4 25. Qf6 a3 26. Nc7 Qb2
1/2-1/2

[Event "España tch 2009 -2a 1"]
[Site "Padrón ESP"]
[Date "2009.08.06"]
[Round "2.24"]
[White "Serrano Bozada, Esteban"]
[Black "Lopez Rodriguez, Walter"]
[Result "1-0"]
[WhiteElo "2213"]
[BlackElo "2207"]
[PlyCount "53"]
[EventDate "2009.08.05"]
[EventType "team"]
[EventRounds "6"]
[EventCountry "ESP"]
[Source "lmi"]
[SourceDate "2009.08.05"]

1. e4 c5 2. Nf3 e6 3. c3 Nf6 4. e5 Nd5 5. d4 cxd4 6. cxd4 Qc7 7. Be2 d6 8. O-O
Nd7 9. Re1 b6 10. Bg5 dxe5 11. dxe5 Bc5 12. a3 h6 13. Bh4 a5 14. Nbd2 O-O 15.
Bf1 Bb7 16. Rc1 Rac8 17. Qa4 Bc6 18. Qg4 Qb7 19. Bd3 Rfe8 20. Ne4 Bf8 21. Bb1
Kh8 22. Neg5 Nc5 23. Qh5 g6 24. Nxf7+ Qxf7 25. Bxg6 Qg7 26. Rc4 Nd3 27. Bxd3
1-0

[Event "España tch 2009 -2a 1"]
[Site "Padrón ESP"]
[Date "2009.08.06"]
[Round "3.11"]
[White "Epishin, Vladimir"]
[Black "Santos Santos, Pablo"]
[Result "1/2-1/2"]
[WhiteElo "2592"]
[BlackElo "2321"]
[PlyCount "159"]
[EventDate "2009.08.05"]
[EventType "team"]
[EventRounds "6"]
[EventCountry "ESP"]
[Source "lmi"]
[SourceDate "2009.08.05"]

1. d4 Nf6 2. Nf3 g6 3. g3 Bg7 4. Bg2 O-O 5. O-O d5 6. Nbd2 c6 7. c4 Bf5 8. b3
Ne4 9. Bb2 Nd7 10. Re1 Nxd2 11. Nxd2 Nb6 12. e3 a5 13. a4 Re8 14. cxd5 cxd5 15.
Rc1 Qd6 16. Nb1 Bxb1 17. Rxb1 Nd7 18. Rc1 e6 19. Re2 Nb8 20. Rec2 Nc6 21. Bf1
Nb4 22. Ba3 Qb6 23. Bxb4 Qxb4 24. Bb5 Red8 25. Rc7 Rab8 26. Qf3 Qf8 27. Bd7 b6
28. R1c6 b5 29. Rc5 bxa4 30. Bxa4 Rdc8 31. Rxc8 Rxc8 32. Rxa5 Qe7 33. Kg2 h5
34. h4 Bf8 35. Qf4 Qc7 36. Qxc7 Rxc7 37. Rb5 Kg7 38. Rb6 Be7 39. Bc6 Kf8 40.
Kf3 Kg7 41. Ra6 Kf8 42. e4 dxe4+ 43. Kxe4 Kg7 44. Kd3 Rc8 45. Kc4 Rb8 46. Ra7
Kf8 47. Bb7 Bd8 48. Kc5 Be7+ 49. Kc4 Bd8 50. Bc6 Be7 51. Ra8 Rxa8 52. Bxa8 Ke8
53. b4 Bd8 54. Bc6+ Kf8 55. f3 Bb6 56. b5 Ke7 57. g4 Kf6 58. Kd3 Bc7 59. Ke4
Bb6 60. d5 hxg4 61. fxg4 exd5+ 62. Bxd5 Bf2 63. Kf3 Bb6 64. Bb3 Bg1 65. Ke4 Bf2
66. Kf3 Bb6 67. Kf4 Bg1 68. Ke4 Bf2 69. h5 gxh5 70. gxh5 Kg7 71. Bd1 f5+ 72.
Kd5 f4 73. Bf3 Kh6 74. Kc6 Kg7 75. b6 Bxb6 76. Kxb6 Kf6 77. Kc5 Kg7 78. Kd4 Kf6
79. Ke4 Kg7 80. Kxf4 1/2-1/2

[Event "España tch 2009 -2a 1"]
[Site "Padrón ESP"]
[Date "2009.08.06"]
[Round "3.12"]
[White "Garcia Garcia, Jose Luis"]
[Black "Iturrizaga, Eduardo"]
[Result "0-1"]
[WhiteElo "2228"]
[BlackElo "2555"]
[PlyCount "82"]
[EventDate "2009.08.05"]
[EventType "team"]
[EventRounds "6"]
[EventCountry "ESP"]
[Source "lmi"]
[SourceDate "2009.08.05"]

1. Nf3 c5 2. c4 Nf6 3. Nc3 b6 4. g3 Bb7 5. Bg2 g6 6. O-O Bg7 7. d4 cxd4 8. Qxd4
O-O 9. Qh4 d6 10. Rd1 Nbd7 11. Bh6 Rc8 12. Bxg7 Kxg7 13. Rac1 Qc7 14. b3 a6 15.
Qf4 Qb8 16. e4 b5 17. Nd5 bxc4 18. bxc4 Rc5 19. Nd4 Re8 20. Nb3 Rcc8 21. Bh3
Rcd8 22. Qe3 e6 23. Nxf6 Nxf6 24. f3 d5 25. e5 Nd7 26. f4 dxc4 27. Rxc4 Ba8 28.
Bg2 Bxg2 29. Kxg2 Nb6 30. Rcd4 Nd5 31. Qd2 Rc8 32. Kh3 h6 33. Rd3 Rc4 34. Nd4
Rec8 35. Nf3 Rc2 36. Qa5 Nc3 37. R1d2 Ne4 38. Rxc2 Rxc2 39. Rb3 Nf2+ 40. Kg2
Qc8 41. Ra3 Qc6 0-1

[Event "España tch 2009 -2a 1"]
[Site "Padrón ESP"]
[Date "2009.08.06"]
[Round "3.13"]
[White "Hernando Pertierra, Jose C"]
[Black "Bayon Fernandez, Rogelio"]
[Result "1-0"]
[WhiteElo "2386"]
[BlackElo "2188"]
[PlyCount "109"]
[EventDate "2009.08.05"]
[EventType "team"]
[EventRounds "6"]
[EventCountry "ESP"]
[Source "lmi"]
[SourceDate "2009.08.05"]

1. c4 c6 2. Nf3 d5 3. e3 Nf6 4. b3 g6 5. Bb2 Bg7 6. Be2 O-O 7. O-O Bg4 8. h3
Bxf3 9. Bxf3 e6 10. d4 Nbd7 11. Qc2 h5 12. Rd1 Nh7 13. Be2 Qh4 14. Nd2 Ng5 15.
Bf1 Nf6 16. Ba3 Rfe8 17. Bd6 Nfe4 18. Nxe4 Nxe4 19. Bh2 Qe7 20. f3 Nd6 21. Rac1
Bh6 22. Re1 Rad8 23. Rcd1 Nf5 24. Qf2 Bg7 25. g4 hxg4 26. hxg4 Nd6 27. c5 Nc8
28. f4 f5 29. Bd3 Kf7 30. g5 Rh8 31. b4 a6 32. a4 Na7 33. Rb1 Qd7 34. Rb2 Rc8
35. Reb1 Rc7 36. Bg3 Qe7 37. Qf1 Qd7 38. Be1 Qe7 39. Rb3 Rd7 40. Qg2 Rc7 41.
Bg3 Qd7 42. Qb2 Qe7 43. Kg2 Qd7 44. Qa2 Qe7 45. b5 cxb5 46. axb5 Nxb5 47. Bxb5
axb5 48. Rxb5 Rd8 49. Qa7 Rdd7 50. Qb8 Qe8 51. Qxe8+ Kxe8 52. Be1 Kd8 53. Ba5
Kc8 54. Bxc7 Rxc7 55. Rb6 1-0

[Event "España tch 2009 -2a 1"]
[Site "Padrón ESP"]
[Date "2009.08.06"]
[Round "3.14"]
[White "Blanco Gutierrez, Pedro"]
[Black "Perez Marco, Ricardo"]
[Result "1-0"]
[WhiteElo "2113"]
[BlackElo "2183"]
[PlyCount "61"]
[EventDate "2009.08.05"]
[EventType "team"]
[EventRounds "6"]
[EventCountry "ESP"]
[Source "lmi"]
[SourceDate "2009.08.05"]

1. d4 Nf6 2. c4 g6 3. Nc3 d5 4. Nf3 Bg7 5. Qb3 c6 6. Bf4 O-O 7. e3 e6 8. Be2 h6
9. h3 Re8 10. O-O Nbd7 11. Rac1 dxc4 12. Qxc4 Nb6 13. Qd3 Nbd5 14. Bh2 Nxc3 15.
Qxc3 Nd5 16. Qd2 Ne7 17. Ne5 f6 18. Nc4 e5 19. dxe5 Qxd2 20. Nxd2 fxe5 21. Nc4
Nd5 22. Nd6 Re7 23. Bc4 Be6 24. Rfd1 Rd8 25. Ne4 b6 26. Bb3 c5 27. Rd2 c4 28.
Rxc4 Rf8 29. Rc6 Kh7 30. Bxd5 Rd8 31. Bxe6 1-0

[Event "España tch 2009 -2a 1"]
[Site "Padrón ESP"]
[Date "2009.08.06"]
[Round "3.22"]
[White "Pozo Vera, Sandro"]
[Black "Calzetta Ruiz, Monica"]
[Result "1-0"]
[WhiteElo "2452"]
[BlackElo "2344"]
[PlyCount "93"]
[EventDate "2009.08.05"]
[EventType "team"]
[EventRounds "6"]
[EventCountry "ESP"]
[Source "lmi"]
[SourceDate "2009.08.05"]

1. d4 Nf6 2. Nf3 g6 3. c4 Bg7 4. Nc3 d6 5. g3 O-O 6. Bg2 a6 7. O-O Nc6 8. Re1
Rb8 9. Rb1 Bf5 10. e4 Bg4 11. Be3 e5 12. d5 Ne7 13. h3 Bxf3 14. Bxf3 Nd7 15. b4
Kh8 16. c5 f5 17. Kg2 f4 18. Bc1 g5 19. a4 Ng6 20. c6 Nf6 21. b5 axb5 22. cxb7
Rxb7 23. Rxb5 Qa8 24. Rxb7 Qxb7 25. Nb5 Qb6 26. Qc2 h5 27. Qe2 Kg8 28. Rf1 h4
29. g4 Ra8 30. Qc4 Qa5 31. Nc3 Nd7 32. Bd2 Nc5 33. Rb1 Bf8 34. Rb5 Qa6 35. a5
Qa7 36. Na2 Be7 37. Nb4 Bf6 38. Nc6 Qa6 39. Bb4 Nd7 40. Ba3 Ne7 41. Be2 Qc8 42.
Rb3 Kg7 43. a6 Nb6 44. Nxe7 Bxe7 45. Qc6 Ra7 46. Rxb6 Qf8 47. Rb7 1-0

[Event "España tch 2009 -2a 1"]
[Site "Padrón ESP"]
[Date "2009.08.06"]
[Round "3.23"]
[White "Ducros Salva, Antonio"]
[Black "Trepat Herranz, Joan"]
[Result "1/2-1/2"]
[WhiteElo "2218"]
[BlackElo "2269"]
[PlyCount "91"]
[EventDate "2009.08.05"]
[EventType "team"]
[EventRounds "6"]
[EventCountry "ESP"]
[Source "lmi"]
[SourceDate "2009.08.05"]

1. c4 Nf6 2. g3 g6 3. Bg2 Bg7 4. Nc3 O-O 5. e4 d6 6. Nge2 c5 7. O-O Nc6 8. d3
Bd7 9. h3 a6 10. Be3 Rb8 11. Qd2 b5 12. Rad1 Qa5 13. b3 Ne8 14. f4 Nd4 15. g4
Nxe2+ 16. Nxe2 Qxd2 17. Rxd2 a5 18. f5 Nc7 19. Bg5 Rfe8 20. f6 Ne6 21. Bh4 Bxf6
22. Bxf6 exf6 23. Rxf6 Kg7 24. Rf1 a4 25. Nf4 Nd4 26. Ne2 Nxe2+ 27. Rxe2 bxc4
28. bxc4 a3 29. Bf3 Ba4 30. Ref2 Rb2 31. Bd1 Rxf2 32. Kxf2 Bxd1 33. Rxd1 Rb8
34. Rd2 Kf6 35. Ke3 Ke5 36. d4+ cxd4+ 37. Rxd4 Rb2 38. Rd5+ Ke6 39. Rd2 Ke5 40.
Rd5+ Ke6 41. Rd2 f6 42. Kd3 Rb1 43. Kd4 Rb2 44. Kc3 Rb1 45. Kd4 Rb2 46. Kc3
1/2-1/2

[Event "España tch 2009 -2a 1"]
[Site "Padrón ESP"]
[Date "2009.08.06"]
[Round "3.24"]
[White "Monell Camarasa, David"]
[Black "Serrano Bozada, Esteban"]
[Result "1-0"]
[WhiteElo "2230"]
[BlackElo "2213"]
[PlyCount "55"]
[EventDate "2009.08.05"]
[EventType "team"]
[EventRounds "6"]
[EventCountry "ESP"]
[Source "lmi"]
[SourceDate "2009.08.05"]

1. d4 Nf6 2. Nf3 g6 3. Nc3 c5 4. d5 d6 5. e4 Bg7 6. Be2 O-O 7. h4 Bg4 8. Nh2
Bxe2 9. Qxe2 Nbd7 10. g4 e6 11. dxe6 fxe6 12. h5 b5 13. f4 b4 14. Nd1 d5 15. e5
Ne4 16. Nf3 Ng3 17. Qh2 Nxh1 18. hxg6 h6 19. Qxh1 Nxe5 20. Nxe5 Bxe5 21. fxe5
Qc7 22. Qh5 d4 23. Bxh6 Qb7 24. Nf2 Rxf2 25. Kxf2 c4 26. Qh1 Qxh1 27. Rxh1 Rd8
28. Bg5 1-0

[Event "España tch 2009 -2a 1"]
[Site "Padrón ESP"]
[Date "2009.08.07"]
[Round "4.11"]
[White "Alvarez Pedraza, Aramis"]
[Black "Epishin, Vladimir"]
[Result "1-0"]
[WhiteElo "2460"]
[BlackElo "2592"]
[PlyCount "91"]
[EventDate "2009.08.05"]
[EventType "team"]
[EventRounds "6"]
[EventCountry "ESP"]
[Source "lmi"]
[SourceDate "2009.08.05"]

1. d4 d5 2. c4 e6 3. Nc3 a6 4. cxd5 exd5 5. Bf4 Nf6 6. e3 c5 7. Nf3 Nc6 8. Be2
Be6 9. O-O Rc8 10. dxc5 Bxc5 11. Rc1 O-O 12. Nd4 Bxd4 13. exd4 Qb6 14. Bd6 Rfe8
15. Bc5 Qd8 16. Qb3 b5 17. a4 b4 18. Nb1 Ra8 19. Rfd1 Bf5 20. Bf1 Re6 21. Nd2
h6 22. Re1 Qe8 23. Rxe6 Qxe6 24. Qe3 Qd7 25. f3 Qb7 26. Nb3 Bd7 27. a5 Be6 28.
Bd6 Qd7 29. Bg3 Qe8 30. Bd3 Ne7 31. Nc5 Nf5 32. Qe5 Nxg3 33. Qxg3 Bf5 34. Re1
Qc8 35. Bf1 Qd8 36. Qe5 Bc2 37. Ra1 Qc8 38. Qd6 Qf5 39. Bxa6 Qg5 40. Qg3 Qd2
41. Qf2 Qf4 42. Qxc2 Qxd4+ 43. Qf2 Qe5 44. Bb7 Re8 45. a6 d4 46. a7 1-0

[Event "España tch 2009 -2a 1"]
[Site "Padrón ESP"]
[Date "2009.08.07"]
[Round "4.12"]
[White "Iturrizaga, Eduardo"]
[Black "Pozo Vera, Sandro"]
[Result "1-0"]
[WhiteElo "2555"]
[BlackElo "2452"]
[PlyCount "81"]
[EventDate "2009.08.05"]
[EventType "team"]
[EventRounds "6"]
[EventCountry "ESP"]
[Source "lmi"]
[SourceDate "2009.08.05"]

1. c4 e5 2. g3 Nc6 3. Bg2 Bc5 4. Nc3 d6 5. a3 a6 6. b4 Ba7 7. e3 Nge7 8. Nge2
h5 9. h3 f5 10. d4 h4 11. d5 Nb8 12. g4 fxg4 13. hxg4 Bxg4 14. Qd3 Nd7 15. f3
e4 16. Qxe4 Bf5 17. Qf4 Ne5 18. Rxh4 Kd7 19. Kd1 g5 20. Rxh8 Qxh8 21. Qg3 Nxc4
22. e4 Bd4 23. Nxd4 Qxd4+ 24. Kc2 Nxd5 25. Nxd5 Qxa1 26. Qxg5 Kc6 27. Ne7+ Kb5
28. Bf1 Qa2+ 29. Kd1 Qb3+ 30. Ke1 Ka4 31. Nxf5 Ne5 32. Nd4 Qc3+ 33. Qd2 Nxf3+
34. Nxf3 Qxf3 35. Qc2+ Qb3 36. Qxc7 Qg3+ 37. Kd2 Qf4+ 38. Kc2 Qxe4+ 39. Kb2
Qd4+ 40. Ka2 Qd5+ 41. Bc4 1-0